00589cam a22002417a 4500003000500000005001700005008004100022010001000063011001000073035001000083040000900093082001400102110000800116245003700124260002300161300002000184410000800204490003700212500002200249650003100271810000800302830003700310CHAP20220817043135.0971013s1982 r 00010 d a66666 a67638 a77109 cCHAP a631.2bF3 aFAO 0aChinab: grain storage structure aRome :bFAO,c1982 a113 p.b: ilus. aFAO 0aFAO. Servicios agrícolasv; 49 aIncluye 14 planos14aSilosxDiseños y planos.0 aFAO00aFAO. Servicios agrícolasv; 49